000
00257nam a2200109Ia 4500
008
220204s9999 xx 000 0 und d
082
_a
82-3
_b
LAM
100
_a
Lambert, Derek
245
0
_a
Touch the lion's paw
260
_a
London
_b
Corgi
_c
1977
942
_c
BK
999
_c
35201
_d
35201